ZUSTIMMUNG und ABLEHNUNG: Methodologie der Analyseeines Sprachhandlungsmusters; Moderna sprak; Vol. 114, No. 2

Bibliografski detalji
Parent link:Moderna sprak
Vol. 114, No. 2.— 2020.— [P. 205-232]
Glavni autor: Kotorova E. G. Elizaveta Georgievna
Autor kompanije: Национальный исследовательский Томский политехнический университет Школа базовой инженерной подготовки Отделение иностранных языков
Sažetak:Title screen
The article aims to demonstrate a consistent methodology for conducting research of verbal communication behavior and identification of its peculiarities in different language cultures. The basic unit of communication crucial for the analysis of communicative behavior is called speech behavior pattern (SPB). The SPB analysis includes the following major factors to be concerned with: definition of illocutionary purpose of the SPB in terms of Natural Semantic Metalanguage, description of basic grammatical constructions belonging to SBP and identification of communicative-pragmatic factors important for choice of a specific utterance. Utterances that constitute a certain SBP are organized into a field with a prototypical center and a gradually formed periphery, referred to as communicative-pragmatic field (CPF). The practical implementation of this methodology consists in describing peculiarities of the speech behavior pattern of agreement and refusal in the German discourse. The language data are taken from the existing German corpora.
Jezik:njemački
Izdano: 2020
Teme:
Online pristup:https://ojs.ub.gu.se/index.php/modernasprak/article/view/4801
Format: MixedMaterials Elektronički Poglavlje knjige
KOHA link:https://koha.lib.tpu.ru/cgi-bin/koha/opac-detail.pl?biblionumber=665631

MARC

LEADER 00000naa0a2200000 4500
001 665631
005 20250204155033.0
035 |a (RuTPU)RU\TPU\network\36834 
035 |a RU\TPU\network\35315 
090 |a 665631 
100 |a 20211027d2020 k||y0rusy50 ba 
101 0 |a ger 
102 |a SE 
135 |a drcn ---uucaa 
181 0 |a i  
182 0 |a b 
200 1 |a ZUSTIMMUNG und ABLEHNUNG: Methodologie der Analyseeines Sprachhandlungsmusters  |d APPROVAL and REJECTION: Methodology of Analyzing a Language Behavior Pattern  |f E. G. Kotorova 
203 |a Text  |c electronic 
300 |a Title screen 
330 |a The article aims to demonstrate a consistent methodology for conducting research of verbal communication behavior and identification of its peculiarities in different language cultures. The basic unit of communication crucial for the analysis of communicative behavior is called speech behavior pattern (SPB). The SPB analysis includes the following major factors to be concerned with: definition of illocutionary purpose of the SPB in terms of Natural Semantic Metalanguage, description of basic grammatical constructions belonging to SBP and identification of communicative-pragmatic factors important for choice of a specific utterance. Utterances that constitute a certain SBP are organized into a field with a prototypical center and a gradually formed periphery, referred to as communicative-pragmatic field (CPF). The practical implementation of this methodology consists in describing peculiarities of the speech behavior pattern of agreement and refusal in the German discourse. The language data are taken from the existing German corpora. 
461 |t Moderna sprak 
463 |t Vol. 114, No. 2  |v [P. 205-232]  |d 2020 
510 1 |a APPROVAL and REJECTION: Methodology of Analyzing a Language Behavior Pattern  |z eng 
610 1 |a электронный ресурс 
610 1 |a труды учёных ТПУ 
610 1 |a speech behavior 
610 1 |a communication 
610 1 |a pragmalinguistics 
610 1 |a agreement 
610 1 |a refusal 
610 1 |a German 
610 1 |a речевое поведение 
610 1 |a коммуникации 
700 1 |a Kotorova  |b E. G.  |c linguist  |c Professor of Tomsk Polytechnic University, Doctor of philological sciences  |f 1954-  |g Elizaveta Georgievna  |3 (RuTPU)RU\TPU\pers\35766 
712 0 2 |a Национальный исследовательский Томский политехнический университет  |b Школа базовой инженерной подготовки  |b Отделение иностранных языков  |3 (RuTPU)RU\TPU\col\23510 
801 1 |a RU  |b 63413507  |c 20141010 
801 2 |a RU  |b 63413507  |c 20211027  |g RCR 
856 4 |u https://ojs.ub.gu.se/index.php/modernasprak/article/view/4801 
942 |c CF